000 00295nam a2200121Ia 4500
008 190902s9999||||xx |||||||||||||| ||und||
020 _a0-517-59860-4
100 _aMcdaniel,George
245 0 _aIBM Dictionary of Computing
260 _aLondon
_bPrentice Hall
_c1994
300 _a758
942 _cBK
999 _c2929
_d2929